Rehabilitation and upgrade project Kondao hydropower plant Kontum province Feasibility study emvironmental impact assessment report, Project No. 44.01

Сохранить в:
Библиографические подробности
Корпоративные авторы: Electricity of Vietnam, Power engineering consulting company 1
Формат:
Язык:Undetermined
Опубликовано: Washington DC The World Bank 2001
Метки: Добавить метку
Нет меток, Требуется 1-ая метка записи!
Thư viện lưu trữ: Trung tâm Học liệu Trường Đại học Cần Thơ
LEADER 00667nam a2200181Ia 4500
001 CTU_62694
008 210402s9999 xx 000 0 und d
082 |a 363.61 
082 |b E37re 
110 |a Electricity of Vietnam 
110 |b Power engineering consulting company 1 
245 0 |a Rehabilitation and upgrade project Kondao hydropower plant Kontum province 
245 0 |b Feasibility study emvironmental impact assessment report, Project No. 44.01 
245 0 |c Electricity of Vietnam. Power engineering consulting company 1 
260 |a Washington DC 
260 |b The World Bank 
260 |c 2001 
980 |a Trung tâm Học liệu Trường Đại học Cần Thơ